MDQL
is popping MORE tags! Check the
thread
!
Quizzes
Events
Quiz Creation
Community
Videos
Private Events
Remove Ads
Sign In
Join for FREE
Feedback
Dark Mode
Quiz Categories
Sports
Geography
Music
Movies
Television
Just For Fun
Miscellaneous
History
Literature
Language
Science
Gaming
Entertainment
Religion
Holiday
For Kids
Quiz Lab
Recent
Popular Today
Quiz Kudos Today
Editor Picks
Curator Picks
Quizzes by...
Day
Popularity
Type
Ratings
Length
Year
Community
Subscriptions
Recent Discussions
Orange Saloon
Badges
Playlists
Quests
Create
Leaderboards
Showdown
Live 5
Trivia Bingo
Activity
Puzzle Library
Sporcle Events
Private Events
Virtual Trivia
Globe League
Become a Host
Pub Owners
SporcleCon
Opinionation
Our Games
Videos
Blog
Mobile Apps
Partnerships
Remove Ads and Go Orange
Feedback
Movies
Disney
Marvel Cinematic Universe
Movie Resume
Movie Titles
Oscar
Actor
Actress
Director
Pixar
Role
Movie Quotes
Movie Characters
Box Office
Nominee
Best Picture
Star Wars
James Bond
Horror Movies
Movies
Disney
Marvel Cinematic Universe
Movie Resume
Movie Titles
Oscar
Actor
Actress
Director
Pixar
Role
Movie Quotes
Movie Characters
Box Office
Nominee
Best Picture
Star Wars
James Bond
Horror Movies
Random Quiz
Search Sporcle
×
Quiz Lab
Quiz Lab
Movies
Type in answers that appear in a list
Type in answers that appear in a list
Classic
Best Score? Go Orange.
Name all the movies SRK appeared in Stats
Can you name the Name all the movies SRK appeared in?
By
TheAltruist
7m
69 Questions
48 Plays
48 Plays
48 Plays
Comments
Comments
Give Quiz Kudos
Give Quiz Kudos
-
- Ratings
hide this ad
Replay
Link that replays current quiz
Next Quiz
Link to next quiz in quiz playlist
You Got
0%
They Got
Avg Score
27%
Avg Friend Score
Upgrade to see
Score Distribution
Jump to the score distribution portion of the page
Score
0/69
Timer
07:00
0
Plays Today
Hint
Answer
% Correct
2015
Dilwale
79.2%
1992
Deewana
64.6%
1993
Baazigar
62.5%
2018
Zero
60.4%
1998
Kuch Kuch Hota Hai
58.3%
2002
Devdas
50%
2013
Chennai Express
50%
1993
Darr
47.9%
2011
Ra One
47.9%
2014
Happy New Year
47.9%
2016
Fan
47.9%
2004
Swades
45.8%
2007
Om Shanti Om
45.8%
2000
Mohabbatein
43.8%
2006
Don
43.8%
2012
Jab Tak Hai Jaan
43.8%
2016
Dear Zindagi
43.8%
1998
Dil Se
41.7%
2017
Raees
41.7%
2007
Chak De India
39.6%
2011
Don 2
39.6%
1997
Pardes
37.5%
2000
Josh
37.5%
2017
Jab Harry Met Sejal
37.5%
2003
Kal Ho Na Ho
35.4%
2004
Main Hoon Na
35.4%
2010
My Name Is Khan
35.4%
1997
Yes Boss
33.3%
1992
Chamatkar
31.3%
1999
Badshah
31.3%
2008
Rab Ne Bana Di Jodi
31.3%
1995
Karan Arjun
29.2%
1995
Dilwale Dulhaniya Le Jayenge
29.2%
1997
Dil Toh Pagal Hai
29.2%
2000
Phir Bhi Dil Hai Hindustani
29.2%
Hint
Answer
% Correct
2003
Chalte Chalte
29.2%
2004
Veer Zara
29.2%
1992
Raju Ban Gaya Gentleman
27.1%
1998
Duplicate
25%
2006
Kabhi Alvida Na Kehna
25%
1994
Kabhi Haan Kabhi Naa
22.9%
1994
Anjaam
22.9%
2005
Paheli
22.9%
2009
Billu Barber
22.9%
1993
Maya
18.8%
1996
English Babu Desi Mem
16.7%
1997
Koyla
14.6%
2008
Bhootnath
14.6%
1996
Chahat
12.5%
1993
King Uncle
10.4%
2001
One 2 Ka 4
10.4%
2001
Kabhi Khusi Kabhi Gum
10.4%
2014
Bhootnath Returns
10.4%
1992
Dil Aashna Hai
8.3%
1995
Guddu
8.3%
2002
Hum Tumhare Hain Sanam
8.3%
1996
Army
6.3%
2000
Hey Ram
6.3%
2001
Ashoka The Great
6.3%
1995
Oh Darling Yeh Hai India
4.2%
2010
Dulha Mil Gaya
4.2%
1995
Zamana Deewana
2.1%
2000
Gaja Gamini
2.1%
2002
Saathiya
2.1%
2007
Heyy Babyy
2.1%
1998
Sar Ankhon Par
0%
2002
Shakthi
0%
2004
Yeh Lamhe Judai Ke
0%
2005
Silsilay
0%
Quiz Playlist
Details
Report
Send in Message
Add To Playlist
Classic:
Type in answers that appear in a list
Last Updated: May 8, 2020
Quiz Scoreboard
CHALLENGE
Sign Up to Join the Scoreboard
Show All
Scores
Hide
Comments
May contain spoilers
Recently Published
Find the 'City' Movie
by crazypaving
Movies
60s
5x2 Blitz: Bands
by SL_Kpop136
Music
30s
Colored Red Africa Blitz
by spor1
Geography
30s
More to Explore
Quiz From the Vault
Featured Blog Post
14 Easter Pick-up Lines to Find Eggs With
hide this ad
You Might Also Like...
Tags
This quiz does not have any tags.
Today's Top Quizzes in Movies
Browse Movies
hide this ad
Top Contributed Quizzes in Movies
1
Find The 'Big' Movie
2
Find The 'Blue' Movie
3
Find The 'Wild' Movie
4
Hidden Star Wars Character II
5
Pick 5 Posters: Directed by Spielberg
6
Hidden Star Wars Character III
7
Hidden Star Wars Character IV
8
Movies By Plot
9
Alfred Hitchcock Movies by Plot
10
Hidden Star Wars Character V
Explore More
Trending Topics
NBA
Crossword
Kpop
Harry Potter
Marvel
Disney
Anime
The Office
Song
Puzzle
Country
Soccer
NFL
Pokémon
WWE
hide this ad
More By:
TheAltruist
Quiz
Plays
Rating
Category
Featured
Created
Name all the movies SRK appeared in
48
4.00
Movies
May 8, 2020
Go to Creator's Profile
Score Distribution
Quiz Creator Spotlight
TheAltruist
Follow
Send a Message
Quizzes Created
-
Created Quiz Play Count
-
More By This Creator
Popular Quizzes Today
1
5x2 Blitz: Bands
2
Find the 'City' Movie
3
Colored Red Africa Blitz
4
Find the US States - No Outlines Minefield
5
The Countries of the World
6
Find the US States
7
9x9 Crossword: Cartoon Network
8
US States
More Movies Quizzes
Movies with Concert Scenes
Editor's Pick
Trending Quizzes
Colored Red Africa Blitz II
Colored Red Europe Blitz I
Christmas Pick: Judaism
Colored Red Africa Blitz III
Colored Red Europe Blitz II
Recently Updated
Champions League XIs: Real Madrid
pecheneg
Largest US Cities 1790-2010
pecheneg
Rides in Walt Disney World
pecheneg
Most Oscar Losses (Acting)
pecheneg
Beyoncé Albums
pecheneg
Leaping Animals
pecheneg
Reality TV Shows (A-Z)
bhenderson79
Rickey Henderson's Hall of Fame Teammates
pecheneg
Champions League XIs: Arsenal
pecheneg
Quick Pick: Celebrities in WWE's Hall of Fame
aduchscher
Trending Topics
Kpop
NBA
Disney
Harry Potter
Crossword
Anime
Marvel
The Office
Soccer
NFL
Puzzle
Song
Country
Pokémon
WWE
Your Account Isn't Verified!
In order to create a playlist on Sporcle, you need to verify the email address you used during registration. Go to your
Sporcle Settings
to finish the process.
Report this User
Report this user for behavior that violates our
Community Guidelines
.
Details:
Send Report
Go to the Sporcle.com Mobile Site →
Comments